000 00560nam a2200181Ia 4500
003 GCL
008 140319s9999 xx 000 0 ara d
040 _aGCL /
_cGCL
082 0 4 _a346.048
_bف م
100 1 _aفؤاد عبدالظاهر
245 1 0 _aمصر و اليونسكو /
_cفؤاد عبدالظاهر
490 _aالهيئة العامة للاستعلامات
_v0
650 0 4 _aالقانون
650 0 4 _aقانون الملكية الادبية
650 0 4 _aحق المؤلف
650 0 4 _aالقانون والادب
942 _2ddc
_cBK
999 _c51667
_d51667